RICS Valuation Global Standards 2017 (Record no. 121099)
[ view plain ]
| 000 -LEADER | |
|---|---|
| fixed length control field | 01167nam a2200253 4500 |
| 001 - CONTROL NUMBER | |
| control field | K121099 |
| 005 - DATE AND TIME OF LATEST TRANSACTION | |
| control field | 20251124115749.0 |
| 008 - FIXED-LENGTH DATA ELEMENTS--GENERAL INFORMATION | |
| fixed length control field | 190816b2019 ||||| |||| 00| 0 eng d |
| 020 ## - INTERNATIONAL STANDARD BOOK NUMBER | |
| ISBN | 9781783213665 |
| 041 ## - LANGUAGE CODE | |
| Language code of text/sound track or separate title | eng |
| 110 ## - MAIN ENTRY--CORPORATE NAME | |
| Corporate author | Royal Institution of Chartered Surveyors |
| 245 ## - TITLE STATEMENT | |
| Title | RICS Valuation Global Standards 2017 |
| Subtitle | Australia National Supplement |
| Medium | (archived) |
| 260 ## - PUBLICATION INFORMATION | |
| Place of publication | London, |
| Publisher | RICS, |
| Date | 2019 |
| 490 ## - SERIES TITLE | |
| Series statement | RICS Professional Statement |
| 490 ## - SERIES TITLE | |
| Series statement | RICS Red Book |
| 500 ## - GENERAL NOTE | |
| General note | superseded by 2025 supplement ISBN 9781783215546 |
| 520 ## - ABSTRACT | |
| Abstract | The Australia national supplement augments the Global Red Book for valuations valuations that are subject to Australian jurisdiction. Part 1. Introduction, part 2 valuation standards part 3 specific standards - VPGAs which apply in Australia. Effective from August 2019. |
| 650 ## - KEYWORDS | |
| Keywords | Red Book |
| 650 ## - KEYWORDS | |
| Keywords | Global Valuation Standards 2017 |
| 651 ## - SUBJECT ADDED ENTRY--GEOGRAPHIC NAME | |
| Geographic name | Australia |
| 690 ## - BROAD SUBJECT | |
| 9 (RLIN) | 6273 |
| Broad subject | Valuation |
| 856 ## - ONLINE RESOURCE | |
| Uniform Resource Identifier | <a href="https://www.isurv.com/downloads/download/2261/rics_valuation_%E2%80%93_global_standards_2017_australia_national_supplement">https://www.isurv.com/downloads/download/2261/rics_valuation_%E2%80%93_global_standards_2017_australia_national_supplement</a> |
| Public note | Archived on isurv (subscription required) |
| 942 ## - ADDED ENTRY ELEMENTS (KOHA) | |
| Suppress in OPAC | Do not suppress in OPAC |
| Lost status | Source of classification or shelving scheme | Damaged status | Not for loan | Home library | Current library | Shelving location | Date acquired | Total Checkouts | Full call number | Date last seen | Price effective from | Koha item type |
|---|---|---|---|---|---|---|---|---|---|---|---|---|
| Dewey Decimal Classification | Virtual | Virtual | Online | 16/08/2019 | ONLINE PUBLICATION | 26/05/2023 | 16/08/2019 | Book |